Normal view
MARC view
- Depressive Disorder
Entry Topical Term
001 - CONTROL NUMBER
- control field: 1904
003 - CONTROL NUMBER IDENTIFIER
- control field: NUST
005 - DATE AND TIME OF LATEST TRANSACTION
- control field: 20170602110227.0
008 - FIXED-LENGTH DATA ELEMENTS
- fixed length control field: 170602|| aca||aabn | a|a d
040 ## - CATALOGING SOURCE
- Original cataloging agency: NUST
- Transcribing agency: NUST
150 ## - HEADING--TOPICAL TERM
- Topical term or geographic name entry element: Depressive Disorder
- General subdivision: complications.
670 ## - SOURCE DATA FOUND
- Source citation: Work cat.: (NUST)0: Depression in neurologic disorders :, 2005
